| 000 | 00428nam a2200169Ia 4500 | ||
|---|---|---|---|
| 008 | 230711s9999||||xx |||||||||||||| ||und|| | ||
| 020 | _a978-81-224-3686-0 | ||
| 041 | _aENG | ||
| 082 |
_a621.4021 _bSI-A |
||
| 100 | _aSingh,Onkar | ||
| 245 | 0 | _aApplied Thermodynamics | |
| 250 | _a4th Ed. | ||
| 260 |
_c2016 _aNew Delhi _bNew Age International Publishers |
||
| 300 | _a958p. | ||
| 650 | _aMechanical Engineering | ||
| 942 | _cBK | ||
| 999 |
_c6711 _d6711 |
||